Music Quiz

Random Music or Lyrics Quiz

Friday I'm in Love Quiz Stats

 Plays Quiz Updated Jul 10, 2012

Score 0/16 Timer 07:00
4 Plays Today
Day Description/Event % Correct
FridayIt's Friday, I'm in love
89.9%
Tuesday and WednesdayTuesday, Wednesday break my heart
74.4%
ThursdayThursday I don't care about you
66.9%
ThursdayOh, Thursday doesn't even start
64.8%
MondayMonday you can fall apart
63.7%
MondayI don't care if Monday's blue
57.4%
SundayAnd Sunday always comes too late
51.5%
SaturdaySaturday, wait
51.2%
Day Description/Event % Correct
Tuesday and WednesdayTuesday's grey and Wednesday too
48.5%
FridayBut Friday, never hesitate
48.2%
Tuesday and WednesdayTuesday, Wednesday - heart attack
47.8%
MondayI don't care if Monday's black
43.4%
ThursdayThursday, never looking back
39.5%
Tuesday and WednesdayTuesday, Wednesday stay in bed
39.2%
ThursdayOr Thursday - watch the walls instead
29.7%
MondayMonday, you can hold your head
27.1%

You're not logged in!

Compare scores with friends on all Sporcle quizzes.
OR
Log In

Sporcle TV

Today on Sporcle TV


Watch our educational content, quiz creation guides, and fun videos on Sporcle TV.

Show Comments

Extras

Top Quizzes Today


Score Distribution

Your Account Isn't Verified!

In order to create a playlist on Sporcle, you need to verify the email address you used during registration. Go to your Sporcle Settings to finish the process.

Report this User

Report this user for behavior that violates our Community Guidelines.

Details: